Football - Les Français passés par Galatasaray - Statistiques

Statistiques générales
  • Ce quiz a été pris 114 fois
  • Le résultat moyen est 4 sur 10
Statistiques - réponses
Année d'arrivée Nombre de matchs Nombre de buts Réponse % Correct
2021 83 4 Sacha BOEY
77%
2017 86 51 Bafétimbi GOMIS
66%
2022 31 1 Léo DUBOIS
60%
2005 17 1 Frank RIBÉRY
54%
2019 15 0 Steven NZONZI
36%
2023 26 0 Tanguy NDOMBÉLÉ
35%
2015 67 1 Lionel CAROLE
17%
2017 2 0 Cédric CARRASSO
15%
1987 25 3 Didier SIX
7%
2001 33 3 Sébastien PEREZ
6%
Aucun quiz correspondant
Distribution des résultats
% des personnes avec chaque résultat
Percentile par nombre de réponses
Votre historique - résultats
Vous n’avez pas pris ce quiz